| 000 | 00339cam a22001217a 4500 | ||
|---|---|---|---|
| 008 | 180718b1974 xxu||||| |||| 00| 0 eng d | ||
| 082 | _aA6x54151 G918 | ||
| 100 | _aGrover, B.S.K. | ||
| 245 |
_aSikkim and India: storm and consolidation _cby B.S.K. Grover |
||
| 260 |
_aNew Delhi _bJain _c1974 |
||
| 300 | _a248p. | ||
| 650 | _aSikkim - History | ||
| 999 |
_c345091 _d345091 |
||